000 01407nam a2200373 i 4500
001 193067
003 SpMaBN
005 20240707063036.0
007 ta
008 230727s2015 sp a | |||| 000 j spa
015 _aMON15
017 _aM 18688-2015
_bOficina Depósito Legal Madrid
020 _a9788494390760
035 _a(OCoLC)957749394
035 _aa5826574
040 _aSpMaBN
_bspa
_cSpMaBN
_erdc
_dES-MaACL
080 _a821.134.2-32"19"
100 1 _aSantos Duque, Celestina
_0XX5356725
_eaut
_9163906
245 1 0 _aSammasati :
_belegir, caminar y llegar : antología de cuentos /
_cCelestina Santos Duque
260 _a[Madrid] :
_bDulcinea,
_c[2015]
300 _a178 p. :
_bil. ;
_c22 cm
336 _aTexto (visual)
_2isbdcontent
337 _asin mediación
_2isbdmedia
338 _2rdacarrier
_avolumen
500 _aCatalogación provisional. Signatura: N 8558. Depósito J.
650 7 _aNovelas
_2embne
_9233904
852 _aES-MaACL
_9200372
_bR.152713
_jN-8558
_zDedicatoria autógrafa de la autora
_cDEPOJ
_gFirmado y dedicado por la autora
_hDonación: Celestina Santos Duque
903 _aSantos Duque, Celestina
_ednr
_9163906
942 _n0
_cMONOGRAFIA
999 _c193067
_d193067